000 01135nam a22003495b 4500
001 446
003 DO-SdBPM
005 20250611103402.0
007 ta
008 950710s1998 sp a | | ||spa
017 _a
_b
020 _a8424177010
040 _aDO-SdBPM
_bspa
_cBPMSU
_erda
082 4 _a862.6
_bD542c 1998
_222
100 1 _aDíaz, Inmaculada.
_eautor
_d
245 1 0 _aCardito caracol /
_cInmaculada Díaz ; ilustradora Ana López Escrivá.
_h
250 _a
264 _aLeón, España :
_bEditorial Everest,
_c1998
300 _avarias paginaciones :
_bil.ustraciones ;
_c21 cm
336 _atexto
_btxt
_2rdacontent
337 _asin mediación
_bn
_2rdamedia
338 _avolumen
_bnc
_2rdacarrier
490 0 _aMontaña encantada;
_aPrimeros lectores,
_v
590 _aInventariado, 2025/VM
600 _2
650 7 _aTeatro escolar e infantil español.
650 7 _aCaracoles
_vTeatro escolar e infantiles
650 7 _aAnimales
_vTeatro escolar e infantil.
700 1 _aLópez Escriva, Inmaculada
_eilustrador
910 _aVMateo V. Control de calidad. BPMSU
942 _2ddc
_cBK
999 _c15156
_d15156